000 005320000a22001570004500
090 _aAR
_b02024
245 1 0 _aStatistical analysis of interspecific data: a review and evaluation of phylogenetic comparative methods
650 1 4 _aAnálisis genético
_975159
650 1 4 _aFilogenética
_94310
650 1 4 _aEvolución
_992797
041 0 _aInglés
700 1 _aHansen, Thomas F.
_995502
100 1 _aMartins, Emília P.
_995503
942 _cARTICULO
773 1 _tPhylogenies and the Comparative in Animal Behavior
_3687
_q22-75
_d1996
999 _c11101
_d11101